Sauny

Na minha lista:
Detalhes bibliográficos
Main Authors: Pospíchal, Zdeněk (Author), Pavlovský, Josef (Author)
Formato: Livro
Idioma:tcheco
Publicado em: Brno : ERA group , 2005
Edição:3.vyd.
Tags: Adicionar Tag
Sem tags, seja o primeiro a adicionar uma tag!

MARC

LEADER 00000nam a22000003a 4500
001 stu154625
005 20150617225945.7
008 080109s2005----xr------------------cze-d
020 |a 80-7366-034-2 
040 |a STU  |b slo 
041 0 |a cze 
044 |a xr 
080 |a 615.832.1 
080 |a 643.52 
100 1 |a Pospíchal, Zdeněk  |4 aut 
245 1 |a Sauny 
250 |a 3.vyd. 
260 |a Brno :  |b ERA group ,  |c 2005 
300 |a 142 s 
700 1 |a Pavlovský, Josef  |4 aut 
996 |b 284V030521  |c V*49701/O-22051  |l VVT  |s A  |a 24  |w stu154625_0001